000 00626nam a22001817a 4500
999 _c177692
_d177692
005 20210225154109.0
010 _aENG-129067
020 _c399.00
_a978-1-7892-9018-9
035 _aEN-112599
037 _bDBAD/PUB
082 _a153.14
100 _aMoore, Gareth
245 _aMemory Coach: Train and sustain a mega-memory in 40 days/
_bGareth Moore
260 _aGurugram
_bHachette Book Publishing India Pvt. Ltd.
_c2019
270 _bGurugram
_a4th/5th Floors, Corporate Centre, Plot No- 94, Sec- 44
_e122003
300 _a190p.
_c23cm(pbk)
_bIncluding illustrations.
942 _2ddc
_cEN
_h153.14
_mMOO